Dynamical systems with hyperbolic behaviour

Αποθηκεύτηκε σε:
Λεπτομέρειες βιβλιογραφικής εγγραφής
Άλλοι συγγραφείς: Anosov, D. V. (Επιμελητής έκδοσης)
Μορφή: Βιβλίο
Γλώσσα:English
Σειρά:Dynamical systems ; ; 9
Encyclopaedia of mathematical sciences ; ; 66
Θέματα:
Ετικέτες: Προσθήκη ετικέτας
Δεν υπάρχουν, Καταχωρήστε ετικέτα πρώτοι!

MARC

LEADER 00000nam a2200000 i 4500
001 1/80504
008 990510s1995 eng d
020 |a 3-540-57043-8 
035 |l 10050652 
040 |a GR-MY-UA  |b gre  |e aacr 
041 0 |a eng 
082 0 |a 515.352 
245 1 0 |a Dynamical systems with hyperbolic behaviour /  |c D. V. Anosov, (editor) 
490 1 |a Dynamical systems  |v ; 9 
490 1 |a Encyclopaedia of mathematical sciences  |v ; 66 
500 |a Includes bibliographical references and indexes 
650 0 0 |a Differentiable dynamical systems. 
650 0 0 |a Hyperbolic spaces. 
650 0 0 |a Chaotic behavior in systems. 
700 1 |a Anosov, D. V.  |4 edt 
830 0 |a Dynamical systems ;  |v ; 9 
830 0 |a Encyclopaedia of mathematical sciences ;  |v ; 66 
852 |a INST  |b SAMOS  |e 19990510  |h 515.352 DYN  |p 005300014685  |q 005300014685  |t BK  |y 0 
901 |a BIBL3-1999-2 
909 |a Σ  |b 064458 
922 |a 3ΕΛΗ  |b 199902  |c ΚΠΣ  |d GLORY